Special commentary on the Tanzanian law of the Child Act (2009) / (Record no. 7493)

MARC details
000 -LEADER
fixed length control field 00865cam a2200265Ma 4500
001 - CONTROL NUMBER
control field on1041359004
003 - CONTROL NUMBER IDENTIFIER
control field TZ-ArACH
005 - DATE AND TIME OF LATEST TRANSACTION
control field 20250305090822.0
008 - FIXED-LENGTH DATA ELEMENTS--GENERAL INFORMATION
fixed length control field 160530s2009 tz 000 0 eng d
020 ## - INTERNATIONAL STANDARD BOOK NUMBER
International Standard Book Number 9789987080120
020 ## - INTERNATIONAL STANDARD BOOK NUMBER
International Standard Book Number 998708012X
022 ## - INTERNATIONAL STANDARD SERIAL NUMBER
International Standard Serial Number 1821-5181
035 ## - SYSTEM CONTROL NUMBER
System control number (OCoLC)1041359004
040 ## - CATALOGING SOURCE
Original cataloging agency CHRRO
Language of cataloging fre
Transcribing agency TZ-ArACH
Modifying agency OCLCL
049 ## - LOCAL HOLDINGS (OCLC)
Holding library TZAA
050 ## - LIBRARY OF CONGRESS CALL NUMBER
Classification number KTT52
Item number .A31 2019
245 00 - TITLE STATEMENT
Title Special commentary on the Tanzanian law of the Child Act (2009) /
Statement of responsibility, etc Chief ed.: Clement Mashamba.
Remainder of title in The Justice Review Vol 8 no. 2 of 2009
260 ## - PUBLICATION, DISTRIBUTION, ETC. (IMPRINT)
Place of publication, distribution, etc Dar es Salaam:
Name of publisher, distributor, etc National Organisation for Legal Assistance (NOLA);
Date of publication, distribution, etc 2019.
300 ## - PHYSICAL DESCRIPTION
Extent vi, 279 p.
490 1# - SERIES STATEMENT
Series statement The justice review
Volume number/sequential designation vol. 8, no. 2
650 ## - SUBJECT ADDED ENTRY--TOPICAL TERM
Topical term or geographic name as entry element Tanzania
General subdivision Children's Act
700 1# - ADDED ENTRY--PERSONAL NAME
Personal name Mashamba, Clement J.
830 #4 - SERIES ADDED ENTRY--UNIFORM TITLE
Uniform title The Justice Review
Volume number/sequential designation 8,2.
942 ## - ADDED ENTRY ELEMENTS (KOHA)
Source of classification or shelving scheme Library of Congress Classification
Koha item type Books
Holdings
Home library Current library Date acquired Full call number Barcode Koha item type
African Court on Human and Peoples' Rights Library African Court on Human and Peoples' Rights Library 05/03/2025 KTT52 .A31 2019 10037756 Books

African Court on Human and Peoples' Rights | For Inquiries Contact » +255 272 510 510